000 00752cam a2200253 4500
001 D15835
008 090401t1914 xxu||||| |||| 00| 0 eng d
035 _a(Sirsi) u95174
041 _aeng
050 _a331.2166
_c18
110 _aRoyal Institution of Chartered Surveyors
_94900
245 _a[Professional charges] Scale of professional charges
260 _a[S.l.]
_bRICS
_c1914
300 _a6p.
_c30cm.
490 _aRICS Fee Scales
520 _aPhotocopy of the original booklet. Filed in 1914 RICS box.
650 _aFEE SCALES
650 _aPROFESSIONAL CHARGES
650 _aPROFESSIONAL FEES
650 _aSURVEYORS' FEES
690 _aMANAGEMENT-BUSINESS MANAGEMENT-PROFESSIONAL PRACTICE
942 _n0
948 _c04/03/1997
999 _c98323
_d98323